Loading...
| Art - Music/Opera | 0 | 5 | 0 | 1 | 50 | 78 | 117.60 | 0 | 3 |
| Social Science - Linguistics | 0 | 2 | 0 | 0 | 20 | 55 | 83.00 | 1 | 1 |
| Science - Biology | 0 | 3 | 2 | 2 | 20 | 89 | 115.00 | 1 | 2 |
| Science - Other | 0 | 2 | 0 | 0 | 20 | 83 | 104.00 | 0 | 2 |
| History - European | 0 | 1 | 0 | 1 | 10 | 143 | 143.00 | 0 | 0 |
| Mythology - East Asia | 0 | 1 | 0 | 0 | 10 | 110 | 110.00 | 0 | 1 |
| Religion - Mixed/Any | 0 | 1 | 0 | 1 | 10 | 132 | 132.00 | 0 | 1 |
| Science - Physics | 0 | 1 | 0 | 0 | 10 | 37 | 37.00 | 1 | 1 |
| Current Events/Modern World - Rest of world political | 0 | 1 | 0 | 1 | 10 | 145 | 145.00 | 0 | 0 |
| Current Events/Modern World - Rest of world social | 0 | 1 | 0 | 0 | 10 | 83 | 83.00 | 0 | 0 |
| Science - Chemistry | 0 | 1 | 1 | 0 | 5 | 109 | 109.00 | 0 | 1 |
| History - Other | 0 | 1 | 1 | 0 | 5 | 110 | 110.00 | 0 | 0 |
| Philosophy - Mixed/Any | 0 | 0 | 0 | 0 | 0 | 0.00 | 0 | 0 | |
| Literature - World/Misc long fiction | 0 | 0 | 0 | 0 | 0 | 0.00 | 0 | 0 | |
| Other Academic/Cross-Category - Any | 0 | 0 | 0 | 0 | 0 | 0.00 | 0 | 0 | |
| Science - Compsci | 0 | 0 | 1 | 0 | -5 | 0.00 | 0 | 0 | |
| Science - Earth | 0 | 0 | 1 | 0 | -5 | 0.00 | 0 | 0 |